الإدارة الإلكترونية ودورها في مكافحة الفساد الإداري : (Record no. 24863)

MARC details
000 -الفاتح
حقل البيانات ثابتة الطول 01142nam a22002655a 4500
003 - محدد رقم الضبط
رقم الضبط OSt
005 - وقت وتاريخ اخر تعامل مع التسجيلة
رقم الضبط 20170522155959.0
008 - عناصر البيانات ثابتة الطول - معلومات عامة
حقل البيانات ثابتة الطول 161215s2016 ua frb 000 0 ara d
015 ## -
-- 2014 / 17072
020 ## - الرقم الدولى المعيارى للكتب
الرقم الدولى المعيارى للكتاب 9789773792560
040 ## - مصدر الفهرسة
وكالة الفهرسة الأصلية EG-ScBUE
لغة الفهرسة ara
وكالة النسخ EG-ScBUE
وكالة التعديل EG-ScBUE
043 ## - رمز المنطقة الجغرافية
رمز المنطقة الجغرافية f-ua---
082 04 - رقم تصنيف ديوى العشرى
رقم المادة ق ز ا
رقم الطبعة 22
رقم التصنيف 345.62023230285
100 1# - المدخل الرئيسى - إسم شخصى
الإسم الشخصى قزاز، بدر محمد السيد.
245 12 - بيان العنوان
العنوان الإدارة الإلكترونية ودورها في مكافحة الفساد الإداري :
بقية العنوان دراسة مقارنة بالفقه الإسلامي /
بيان المسئوليه,etc بدر محمد السيد القزاز.
260 ## - PUBLICATION, DISTRIBUTION, ETC. (IMPRINT)
مكان الناشر او الموزع الأسكندرية، مصر :
اسم الناشر او الموزع دار الفكر الجامعي،
تاريخ النشر أو التوزيع 2016.
300 ## - الوصف المادى
التعداد 481 ص. ؛
أبعاد الوعاء 24 سم.
504 ## - تبصرة ببليوجرافية
تبصرة ببليوجرافية,الخ يشتمل على إرجاعات ببليوجرافية.
650 #7 - المدخل الاضافى بالموضوع-مصطلح موضوعى
مصدر الرأس أو المصطلح BUEsh
مصطلح موضوعي أو اسم جغرافي كعنصر مدخل الإدارة
التقسيم الفرعي العام معالجة بيانات
-- قوانين وتشريعات
التقسيم الفرعي الجغرافي مصر.
650 #7 - المدخل الاضافى بالموضوع-مصطلح موضوعى
مصدر الرأس أو المصطلح BUEsh
مصطلح موضوعي أو اسم جغرافي كعنصر مدخل الإسلام والفساد الإداري.
650 #7 - المدخل الاضافى بالموضوع-مصطلح موضوعى
مصدر الرأس أو المصطلح BUEsh
مصطلح موضوعي أو اسم جغرافي كعنصر مدخل الفساد الإداري
التقسيم الفرعي العام قوانين وتشريعات
التقسيم الفرعي الجغرافي مصر.
651 ## - المدخل الاضافى بالموضوع - اسم جغرافى
مصدر الرأس أو المصطلح BUEsh
653 ## - مصطلح تكشيفى غير مقيد
Resource For college Law
Arrived date list May2017
942 ## - عناصر المدخل الإضافي( كوها)
مصدر التصنيف او مخطط الترفيف Dewey Decimal Classification
Holdings
حالة التراجع حالة الفقد مصدر التصنيف او خطة الترفيف حالة تلف ليس للاعارة المكان الدائم المكان الحالي موقع الترفيف تاريخ الاكتساب Source of acquisition سعر الشراء الطبيعي تعداد مسلسل / التسلسل الزمني رقم الاستدعاء الباركود Date last seen التكلفة نوع الوعاء
    Dewey Decimal Classification     Central Library Central Library First floor 22/05/2017 Purchase 100.00 4587 345.62023230285 ق ز ا 000041875 15/07/2025 125.00 Book - Borrowing